000 00671nam a2200205 a 4500
003 MX-MxUPN
005 20240612064053.0
008 991125s1898 mx r 000 0 spa d
035 _aUPN01000040068
040 _aMX-MxUPN
_bspa
_cMX-MxUPN
041 0 _aspa
050 4 _aBJ66
_bC65 1898
100 1 _aCorrea Zapata, Dolores,
_d1853-1924
_952321
245 1 0 _aMoral instrucción cívica. Nociones de economía política :
_bpara la escuela mexicana
260 _aMéxico :
_bLibrería de la Vda. de Ch. Bouret,
_c1898.
300 _a226 páginas :
_bilustraciones
650 4 _aCivismo
_xEstudio y enseñanza
_95814
650 4 _aEducación moral
_91396
905 _aLibro
999 _c40068
_d40068